Xã hội, lớp 6, kỳ 1(Sách dành cho Hs tiểu học)

में बचाया:
ग्रंथसूची विवरण
स्वरूप: पुस्तक
टैग : टैग जोड़ें
कोई टैग नहीं, इस रिकॉर्ड को टैग करने वाले पहले व्यक्ति बनें!
Thư viện lưu trữ: Mạng thư viện Đại học Đà Nẵng
LEADER 00435nam a22001691a 4500
001 000040088
003 16383
005 20160412022841.0
008 160412s0 000
082 |a 4N(TK)1490-95 
245 |a Xã hội, lớp 6, kỳ 1(Sách dành cho Hs tiểu học) 
OWN |a LNN 
999 |a From the UDN01 
TYP |a Monograph 
980 |a Mạng thư viện Đại học Đà Nẵng